[Event "Tambov Korensky Memorial 25th"]
[Site "Tambov"]
[Date "2016.08.23"]
[Round "4"]
[White "Chernyshov, Alexander"]
[Black "Dikov, Alexander I"]
[Result "1-0"]
[WhiteElo "2090"]
[BlackElo "1916"]
[PlyCount "151"]
[EventDate "2016.08.20"]
[EventType "swiss"]
[EventRounds "9"]
[EventCountry "RUS"]
[SourceTitle "CBM 174 Extra"]
[Source "ChessBase"]
[SourceDate "2016.10.10"]
[SourceVersion "1"]
[SourceVersionDate "2016.10.10"]
[SourceQuality "1"]

1. e4 c5 2. Nc3 e6 3. f4 g6 4. Nf3 Bg7 5. e5 Ne7 6. Ne4 0-0 7. Nxc5 d6 8. Nb3 dxe5 9. fxe5 Nbc6 10. d4 f6 11. exf6 Bxf6 12. Bc4 Nf5 13. c3 Bh4+ 14. g3 Nxg3 15. hxg3 Bxg3+ 16. Ke2 b5 17. Bxb5 Qd5 18. Qd3 Rxf3 19. Qxf3 Qxb5+ 20. Kd1 Ba6 21. Bh6 Be5 22. dxe5 Rd8+ 23. Bd2 Nxe5 24. Qe3 Bb7 25. Re1 Bf3+ 26. Kc1 Nd3+ 27. Kc2 Bg4 28. Rf1 e5 29. Qe4 Nf4 30. Rxf4 exf4 31. Nd4 Rxd4 32. Qxd4 Bf5+ 33. Kd1 Bg4+ 34. Kc1 Qf1+ 35. Kc2 Bf5+ 36. Kb3 Qxa1 37. Qd5+ Kf8 38. Bxf4 Qe1 39. Bh6+ Ke8 40. Qg8+ Kd7 41. Qxh7+ Kc6 42. Qxa7 Qd1+ 43. Ka3 Qd6+ 44. b4 Kb5 45. Be3 Kc4 46. Qd4+ Qxd4 47. Bxd4 Bd7 48. Kb2 Ba4 49. Bf6 Bd1 50. Kc1 Ba4 51. Kd2 Bb5 52. Ke3 Ba4 53. Ke4 Bc6+ 54. Ke3 Ba4 55. Bd4 Bc2 56. Kf4 Kb5 57. Ke5 Kc4 58. Kd6 Ba4 59. Kc7 Kb5 60. a3 Bb3 61. Bf6 Bc4 62. Bg5 Bb3 63. Kd6 Kc4 64. Kc6 Ba4+ 65. Kb6 Kxc3 66. Ka5 Kb3 67. Bc1 g5 68. b5 g4 69. b6 Bc6 70. a4 g3 71. Be3 g2 72. Bc5 Bb7 73. Kb5 Bd5 74. a5 Bc4+ 75. Kc6 g1Q 76. Bxg1 1-0

[Event "Tambov Korensky Memorial 24th"]
[Site "Tambov"]
[Date "2015.08.29"]
[Round "8"]
[White "Chernyshov, Alexander"]
[Black "Geranichev, Mikhail"]
[Result "1/2-1/2"]
[WhiteElo "2109"]
[BlackElo "2033"]
[PlyCount "96"]
[EventDate "2015.08.22"]
[EventType "swiss"]
[EventRounds "9"]
[EventCountry "RUS"]
[SourceTitle "EXT 2016"]
[Source "ChessBase"]
[SourceDate "2015.10.08"]
[SourceVersion "1"]
[SourceVersionDate "2015.10.08"]
[SourceQuality "1"]

1. e4 e6 2. c4 c5 3. d4 cxd4 4. Nf3 Nc6 5. Nxd4 d6 6. Be3 Nf6 7. Nc3 Be7 8. Be2 0-0 9. 0-0 a6 10. Qc2 Bd7 11. Rfd1 Rc8 12. b3 b5 13. cxb5 Nxd4 14. Bxd4 axb5 15. Qd3 b4 16. Nb1 d5 17. Nd2 Bc6 18. Bf3 Qa5 19. Qe3 dxe4 20. Nxe4 Nd5 21. Qe1 Nc3 22. Rd3 Qf5 23. Re3 Nxe4 24. Rxe4 Rfd8 25. Bb6 Rd3 26. Rc1 Rxf3 27. gxf3 Qxf3 28. Qe3 Qf5 29. Rec4 Qb5 30. Bc5 Bf6 31. Bxb4 h6 32. Qc5 Qa6 33. Qd6 Rd8 34. Qxc6 Qxa2 35. Qf3 Rd5 36. Rg4 Rf5 37. Qg3 h5 38. Qb8+ Kh7 39. Rg2 h4 40. Be1 Qe2 41. Qb4 Bg5 42. Rc4 Re5 43. Rxh4+ Bxh4 44. Qxh4+ Kg8 45. Qd8+ Kh7 46. Qh4+ Kg8 47. Qd8+ Kh7 48. Qh4+ Kg8 1/2-1/2

[Event "Tambov Korensky Memorial 24th"]
[Site "Tambov"]
[Date "2015.08.23"]
[Round "2"]
[White "Lopukhin, Anatoly Viktorovich"]
[Black "Chernyshov, Alexander"]
[Result "1-0"]
[WhiteElo "2341"]
[BlackElo "2109"]
[PlyCount "85"]
[EventDate "2015.08.22"]
[EventType "swiss"]
[EventRounds "9"]
[EventCountry "RUS"]
[SourceTitle "EXT 2016"]
[Source "ChessBase"]
[SourceDate "2015.10.08"]
[SourceVersion "1"]
[SourceVersionDate "2015.10.08"]
[SourceQuality "1"]

1. d4 d5 2. Nf3 Nf6 3. e3 c5 4. b3 cxd4 5. exd4 Bg4 6. Be2 g6 7. 0-0 Bg7 8. h3 Bf5 9. Be3 0-0 10. c4 Bxb1 11. Rxb1 Nbd7 12. c5 Ne4 13. Qc2 Qc7 14. Nd2 e5 15. dxe5 Qxe5 16. Nxe4 dxe4 17. Rfd1 Nf6 18. Qd2 h5 19. Rbc1 Rfe8 20. b4 Re7 21. Qd6 Ne8 22. Qxe5 Bxe5 23. c6 bxc6 24. Rxc6 Kg7 25. Rd5 Nf6 26. Rd1 Ne8 27. Bc5 Rc7 28. Rxc7 Nxc7 29. Bc4 f6 30. Rd7+ Kh6 31. g3 Kg5 32. Kg2 Kh6 33. h4 a6 34. Re7 g5 35. hxg5+ Kxg5 36. Be3+ Kg6 37. Bf7+ Kf5 38. Bxh5 Rg8 39. Kh3 Bxg3 40. fxg3 Ne6 41. g4+ Ke5 42. Bf7 Rh8+ 43. Kg3 1-0